युधिष्ठिर/ (Record no. 204072)

MARC details
000 -LEADER
fixed length control field 00829nam a22001937a 4500
005 - DATE AND TIME OF LATEST TRANSACTION
control field 20240709145245.0
010 ## - LCCN (DPL NO)
LC control number HIN- 127963
020 ## - INTERNATIONAL STANDARD BOOK NUMBER
Terms of availability 395.00
International Standard Book Number 9789386720535
035 ## - SYSTEM CONTROL NUMBER
System control number HN-100309
037 ## - SOURCE OF ACQUISITION
Source of stock number/acquisition DBAD
082 ## - DEWEY DECIMAL CLASSIFICATION NUMBER
Classification number 230.1
100 ## - MAIN ENTRY--PERSONAL NAME
Personal name कंवर, जिया
245 ## - TITLE STATEMENT
Title युधिष्ठिर/
Statement of responsibility, etc द्वारा जिया कंवर
250 ## - EDITION STATEMENT
Edition statement 1
260 ## - PUBLICATION, DISTRIBUTION, ETC. (IMPRINT)
Place of publication, distribution, etc ग़ाज़ियाबाद
Name of publisher, distributor, etc राठोर पब्लिशर
Date of publication, distribution, etc 2020
270 ## - ADDRESS
City ग़ाज़ियाबाद
Address बेसमेंट-260,शक्तिकंद-III, इंदिरापुरम, ग़ाज़ियाबाद (उ.प.)
Postal code 201010
Telephone number 09958828738
Electronic mail address rathorepublishers@gmail.com
300 ## - PHYSICAL DESCRIPTION
Extent v, 112 p.
Dimensions 22cm (सजिल्द)
942 ## - ADDED ENTRY ELEMENTS (KOHA)
Source of classification or shelving scheme Dewey Decimal Classification
Item type English Books
Classification part 230.1
Call number suffix कंवर

No items available.


© Delhi Public Library
Hit Counter
free hit counter